[Event "10th IHEM"]
[Site "Hamburg GER"]
[Date "2007.06.01"]
[Round "7"]
[White "Lindinger,M"]
[Black "Fries Nielsen,JO"]
[Result "0-1"]
[WhiteElo "2307"]
[BlackElo "2374"]

1.Nf3 d5 2.c4 e6 3.g3 g6 4.Bg2 Bg7 5.O-O Ne7 6.d3 O-O 7.Qc2 Nbc6 8.Nc3 h6
9.a3 Nf5 10.e3 g5 11.cxd5 exd5 12.Na4 g4 13.Nd2 h5 14.Rb1 a5 15.b3 h4 16.Bb2 hxg3
17.hxg3 Ne5 18.Rfd1 Ra6 19.Rbc1 Rc6 20.Qb1 Rh6 21.e4 Nh4 22.gxh4 Qxh4 23.exd5 Qh2+
24.Kf1 g3 25.Bxe5 Bh3 26.fxg3 Qxg2+ 27.Ke1 Rg6 28.Rc4 Bh6  0-1

[Event "FSGM June"]
[Site "Budapest HUN"]
[Date "2007.06.02"]
[Round "1"]
[White "Paschall,W"]
[Black "Bui Vinh"]
[Result "0-1"]
[WhiteElo "2353"]
[BlackElo "2483"]

1.Nf3 d5 2.c4 e6 3.e3 Nf6 4.d4 b6 5.Nc3 Bb7 6.Bd3 Be7 7.O-O O-O 8.cxd5 exd5
9.b3 Nbd7 10.Bb2 a6 11.Rc1 Bd6 12.Ne2 Re8 13.Ng3 Ne4 14.Nf5 Bf8 15.Ne5 g6
16.Ng3 Nxg3 17.hxg3 Bd6 18.Nxd7 Qxd7 19.Re1 f5 20.f4 Re6 21.Rc2 Rae8 22.Kf2 Qe7
23.Qe2 h5 24.Bxa6 Bxa6 25.Qxa6 Rxe3 26.Rce2 Bb4  0-1

[Event "10th IHEM"]
[Site "Hamburg GER"]
[Date "2007.06.02"]
[Round "8"]
[White "Wendt,J"]
[Black "Hebbinghaus,H"]
[Result "1/2-1/2"]
[WhiteElo "2342"]
[BlackElo "2316"]

1.Nf3 d5 2.c4 dxc4 3.e3 Be6 4.Na3 Nf6 5.Nxc4 g6 6.b3 Bg7 7.Bb2 O-O 8.Be2 Bd5
9.O-O c5 10.Qc2 Nbd7 11.Rac1 Rc8 12.d3 Qc7 13.Rfd1 b6 14.Qb1 Qb8 15.Qa1 Rfd8
16.a3 Bb7 17.b4 Qa8 18.Qb1 h6 19.Ncd2 Qb8 20.Nb3 Ng4 21.Bxg7 Kxg7 22.Nbd2 Ngf6
23.h3 Nd5 24.Bf1 Kg8 25.Qb2 cxb4 26.axb4 Qd6 27.b5 Qb4 28.Qa1 Qxb5 29.Qxa7 Qa6
30.Ra1 Qxa7 31.Rxa7 Nc3 32.Rda1 Ra8 33.d4 Bc6 34.R1a3 Rxa7 35.Rxa7 Nb5 36.Ra2 Nd6
37.Rb2 Bd5 38.Ne5 Nxe5 39.dxe5 Ne4 40.Nxe4 Bxe4 41.f3 Bf5 42.Rxb6 Bd3 43.Bxd3 Rxd3
44.Kf2 Rd2+ 45.Kg3 e6 46.f4 Kg7 47.Rd6 Ra2 48.Kf3 h5 49.Rd1 Rb2 50.Re1 Ra2
51.Re2 Ra5 52.Kg3 Rb5 53.Kh4 Ra5 54.Rd2 Ra3 55.Re2 Ra5 56.Kg3 Rb5 57.Kf2 Ra5
58.Ke1 Ra3 59.Kd2 Rb3 60.Ke1 Ra3 61.Kf1 Ra1+ 62.Kf2 Ra5 63.e4 Rb5 64.Kf3 Ra5
65.Re3 Rb5 66.Ra3 Rc5 67.Ke3 Rb5 68.Rc3 Ra5 69.Rb3 Ra2 70.Kf3 Ra5 71.g3 Rc5
72.Ke3 Ra5 73.Kd4 Ra4+ 74.Kd3 Ra5 75.Ke3 Rc5 76.Kd4 Ra5 77.Re3 Ra4+ 78.Kc5 Ra5+
79.Kc4 Ra4+ 80.Kd3 Ra3+ 81.Ke2 Ra5 82.Kf3 Rb5 83.g4 hxg4+ 84.Kxg4 Ra5 85.h4 Rb5
86.Rg3 Rb4 87.Re3 Rb5 88.Kf3 Ra5 89.Rb3 Rc5 90.Rb4 Rc3+ 91.Kg4 Rc1 92.Rb3 Re1
93.Kf3 Rf1+ 94.Kg3 Rg1+ 95.Kf3 Rf1+ 96.Kg4 Re1 97.Rb4 Rg1+ 98.Kf3 Rh1 99.Kg3 Rg1+
100.Kf3  1/2-1/2

[Event "TCh-FRA Top 16"]
[Site "Clichy FRA"]
[Date "2007.06.03"]
[Round "11"]
[White "Spiridonov,Niko1"]
[Black "Roos,D"]
[Result "1/2-1/2"]
[WhiteElo "2363"]
[BlackElo "2414"]

1.Nf3 d5 2.c4 c6 3.e3 Nf6 4.b3 Bg4 5.Ba3 Nbd7 6.Be2 Bxf3 7.Bxf3 Ne5 8.Be2 dxc4
9.bxc4 Nd3+ 10.Bxd3 Qxd3 11.Qe2 O-O-O 12.Qxd3 Rxd3 13.Ke2 Rd7  1/2-1/2

[Event "29th Mem Nezhmetdinov"]
[Site "Kazan RUS"]
[Date "2007.06.03"]
[Round "3"]
[White "Pushkin,E"]
[Black "Skomorokhin,R"]
[Result "0-1"]
[WhiteElo "2177"]
[BlackElo "2378"]

1.Nf3 d5 2.c4 d4 3.e4 Nc6 4.d3 e5 5.Be2 g6 6.O-O Bg7 7.Ne1 Nge7 8.g3 Bh3
9.Ng2 Qd7 10.a3 a5 11.b3 O-O 12.Ra2 Rab8 13.Nd2 b5 14.cxb5 Rxb5 15.Rc2 Rfb8
16.Rb2 f5 17.Bf3 f4 18.Nc4 g5 19.Be2 Be6 20.Qc2 Ra8 21.Bd1 Rbb8 22.Qe2 Rf8
23.f3 h5 24.h4 Ng6 25.Qe1 Qe7 26.Rc2 Bf6 27.hxg5 Bxg5 28.b4 axb4 29.gxf4 exf4
30.a4 h4 31.Nb6 cxb6 32.Rxc6 Ne5 33.Rxb6 Nxd3 34.Qd2 Nxc1 35.Qxc1 Rac8 36.Qb2 h3
37.Rxe6 Qxe6 38.Bb3 Rc4 39.Ne1 Kh7 40.Qh2 d3 41.Bxc4 Qxc4 42.Qxh3+ Kg8  0-1

[Event "35th World Open"]
[Site "King of Prussia USA"]
[Date "2007.06.03"]
[Round "6"]
[White "Pavlovic,Milos"]
[Black "Bartholomew,J"]
[Result "1-0"]
[WhiteElo "2534"]
[BlackElo "2419"]

1.Nf3 d5 2.c4 c6 3.e3 Nf6 4.d4 Bg4 5.h3 Bxf3 6.Qxf3 e6 7.Bd3 Nbd7 8.Nc3 Bd6
9.O-O O-O 10.Rd1 Re8 11.g3 Qe7 12.Qg2 dxc4 13.Bxc4 e5 14.dxe5 Nxe5 15.Be2 Rad8
16.Bd2 Bc7 17.Be1 Rxd1 18.Rxd1 Rd8 19.Rxd8+ Qxd8 20.Ne4 Nd5 21.Nc5 Qc8 22.b4 Bd6
23.Qe4 b6 24.Nd3 Qe6 25.Nf4 Nxf4 26.exf4 Ng6 27.Qxe6 fxe6 28.Bc4 Kf7 29.f5 Nf8
30.a4 Ke7 31.fxe6 Nxe6 32.f4 Nd4 33.Bc3 c5 34.Kf2 h5 35.bxc5 Bxc5 36.Kg2 g6
37.g4 hxg4 38.hxg4 Kf6 39.Kg3 Kg7 40.Bb2 Kh7 41.Bd3 Kg7 42.Kf2 Kh7 43.Kg3 Kg7
44.Kf2 Kh7 45.Ke3 Ne6+ 46.Kf3 Bd4 47.Bxd4 Nxd4+ 48.Ke4 Ne6 49.Ke5 Nc5 50.Bc2 Kg7
51.Kd6 g5 52.f5 Kf6 53.Kc7 Ke7 54.Kb8 a6 55.Kc7 Nd7 56.Bd1 Ke8 57.Kd6 Nc5  1-0

[Event "7th ch-Euro Senior"]
[Site "Hockenheim GER"]
[Date "2007.06.04"]
[Round "3"]
[White "Sorokina,T"]
[Black "Sevenyuk,A"]
[Result "1/2-1/2"]
[WhiteElo "2145"]
[BlackElo "1940"]

1.Nf3 d5 2.c4 c6 3.b3 Bg4 4.Bb2 Nd7 5.d3 Bxf3 6.exf3 e5 7.Be2 Ngf6 8.O-O Bd6
9.Nc3 O-O 10.cxd5 Nxd5 11.Ne4 Be7 12.d4 f5 13.Ng3 exd4 14.Bxd4 f4 15.Ne4 Bf6
16.Nxf6+ N7xf6 17.Bc4 Kh8 18.Bxf6 Nxf6 19.a4 Qxd1 20.Rfxd1 Rad8 21.g3 fxg3
22.fxg3 Nd5 23.Bxd5 cxd5 24.Rd3 Rd6 25.Rad1 Rfd8 26.Rd4 g6 27.Kf2 Kg7 28.f4 h5
29.h3 Kf6 30.Kf3 Rc6 31.R1d3 Rc1 32.Rd1 Rxd1 33.Rxd1 Rc8 34.Rd3 Rc1 35.g4 hxg4+
36.hxg4 Rf1+ 37.Kg3 Rb1 38.a5 Ke6 39.Kh4 Kf6 40.Rxd5 Rxb3 41.Rd6+ Kg7 42.a6 bxa6
43.Rxa6 Rb7 44.Kg5 Rb5+ 45.f5 gxf5 46.Rxa7+ Kf8 47.gxf5 Rb6 48.Rh7 Kg8 49.Rh6 Rxh6
50.Kxh6 Kf7 51.Kh5 Kf6 52.Kg4  1/2-1/2

[Event "29th Mem Nezhmetdinov"]
[Site "Kazan RUS"]
[Date "2007.06.04"]
[Round "4"]
[White "Gabdrakhmanov,R"]
[Black "Gazizov,R"]
[Result "1-0"]
[WhiteElo "2392"]
[BlackElo "2234"]

1.Nf3 d5 2.c4 c6 3.b3 Nf6 4.Bb2 Bf5 5.g3 e6 6.Bg2 Be7 7.O-O O-O 8.d3 Nbd7
9.Nbd2 h6 10.Qc2 a5 11.a3 Bh7 12.Bc3 c5 13.e4 dxe4 14.dxe4 Qc7 15.Qb2 Rfd8
16.Rfe1 Nb8 17.Ne5 Bf8 18.Rad1 Nfd7 19.Nb1 Nxe5 20.Bxe5 Qc8 21.Nc3 Nc6 22.Nb5 a4
23.Bd6 axb3 24.Bxf8 Kxf8 25.Qxb3 Nd4 26.Nxd4 cxd4 27.Qb4+ Kg8 28.e5 Rd7 29.c5 Bf5
30.Rxd4 Rxd4 31.Qxd4 Rxa3 32.Qb4 Ra7 33.h4 Qc7 34.g4 Bd3 35.Qd4 Ba6 36.Qd6 Qc8
37.Rb1 Bc4 38.c6 b5 39.Kh2 g6 40.Kg3 Kg7 41.Rd1 Rc7 42.Ra1 Bd5 43.Bxd5 exd5
44.Rc1 b4 45.Qxd5 b3 46.Qxb3 Rxc6 47.Rxc6 Qxc6 48.Qe3 Qc7 49.Qf4 Qc3+ 50.Kh2 Qb3
51.Qd4 Kh7 52.Kg2 Qb7+ 53.f3 Qb3 54.Kg3 Qb1 55.Qe3 Qa2 56.Qe4 Kg7 57.Qc6 Qb3
58.Qf6+ Kh7 59.e6 fxe6 60.Qf7+ Kh8 61.Qxg6 Qb8+  1-0

[Event "35th World Open"]
[Site "King of Prussia USA"]
[Date "2007.06.04"]
[Round "8"]
[White "Pavlovic,Milos"]
[Black "Sharavdorj,D"]
[Result "1/2-1/2"]
[WhiteElo "2534"]
[BlackElo "2454"]

1.Nf3 d5 2.c4 e6 3.b3 Nf6 4.g3 Be7 5.Bg2 O-O 6.O-O b6 7.Bb2 Bb7 8.e3 Nbd7
9.Nc3 Nc5 10.d4 Nce4 11.Nxe4 Nxe4 12.Ne5 Bd6 13.Qc2 c5 14.dxc5 bxc5 15.Rfd1 Qe7
16.Bxe4 dxe4 17.Rxd6 Qxd6 18.Rd1 Qb6 19.Nd7 Qc6 20.Qc3 f6 21.Nxf8 Kxf8 22.Ba3 Rc8
23.b4 Qa4 24.Qb3 Qxb3 25.axb3 cxb4 26.Bxb4+ Ke8 27.Rd6 Rc6 28.Rxc6 Bxc6 29.Kf1 e5
30.Ke2 Bd7 31.Kd2 Bg4 32.Kc3 Bd1 33.Bd6 a6 34.c5 Kd7 35.Bf8 g6 36.Kc4 Kc6
37.Bg7 Be2+ 38.Kb4 f5 39.Bxe5 Kd5 40.Bd4 Kc6 41.h4 h5  1/2-1/2

[Event "ch-Skopje"]
[Site "Skopje MKD"]
[Date "2007.06.04"]
[Round "6"]
[White "Tausanov,M"]
[Black "Temkov,B"]
[Result "1-0"]
[WhiteElo "1758"]
[BlackElo "2083"]

1.Nf3 d5 2.c4 Nf6 3.cxd5 Nxd5 4.e4 Nf6 5.Nc3 a6 6.Bc4 e6 7.d4 b5 8.Bd3 Bb7
9.a3 c5 10.dxc5 Bxc5 11.O-O O-O 12.Bg5 h6 13.Bh4 Nbd7 14.Rc1 Qb6 15.b4 Bd6
16.Qe2 Bf4 17.Rc2 g5 18.Bg3 Nh5 19.e5 Nxg3 20.hxg3 Bxg3 21.Ne4 g4 22.Nxg3 gxf3
23.gxf3 Rfc8 24.Rfc1 Qd8 25.f4 Qh4 26.Be4 Rxc2 27.Rxc2 Bxe4 28.Qxe4 Rd8 29.Qf3 Nb6
30.Nh5 Kh8 31.Nf6 Nd5 32.Qd3 Kg7 33.Qh7+ Kf8 34.Qg8+ Ke7 35.Nxd5+ exd5 36.Rc7+ Rd7
37.Rc8 Ke6 38.Rc6+ Kf5 39.Rf6+ Ke4 40.Qg2+ Kd4 41.Qf3 Rc7 42.Qe3+ Kc4 43.Kf1 Qh1+
44.Ke2 Qb1 45.Rxh6 Qc2+ 46.Kf3 Qd3 47.Rxa6 d4 48.Qxd3+ Kxd3 49.f5 Kc2 50.Rd6 d3
51.Ke3 Rc3 52.e6 fxe6 53.fxe6 d2+ 54.Ke2 d1=Q+ 55.Rxd1 Rc6 56.Rd5 Rxe6+ 57.Kf3 Rb6
58.Kg4 Kc3 59.f4 Kc4 60.Rd1 Ra6 61.Ra1 Kd5 62.f5 Kd6 63.Kf4 Ra8 64.Rd1+ Ke7
65.Rd3 Ra6 66.Ke5 Ra8 67.f6+ Kf8 68.Kf5 Kf7 69.Rd7+ Ke8 70.Ke6 Ra6+ 71.Rd6 Ra7
72.Rb6 Re7+ 73.Kf5 Ra7 74.Kg6 Rxa3 75.f7+ Ke7 76.Rb7+ Ke6 77.f8=Q Rg3+ 78.Kh5  1-0

[Event "29th Mem Nezhmetdinov"]
[Site "Kazan RUS"]
[Date "2007.06.05"]
[Round "5"]
[White "Isajevsky,A"]
[Black "Galeev,S"]
[Result "1/2-1/2"]
[WhiteElo "2466"]
[BlackElo "2238"]

1.Nf3 d5 2.c4 c6 3.e3 Nf6 4.Nc3 g6 5.d4 Bg7 6.Bd3 O-O 7.O-O Bg4 8.h3 Bxf3
9.Qxf3 e6 10.Rd1 Nbd7 11.Qe2 Qe7 12.Bd2 Rfe8 13.Be1 Rad8 14.Rab1 dxc4 15.Bxc4 Nb6
16.Bb3 e5 17.dxe5 Qxe5 18.Qf3 Qe7 19.a4 Nbd7 20.Bc2 Ne5 21.Qe2 Rd7 22.Rxd7 Nexd7
23.Rd1 Nb6 24.a5 Nbd5 25.Qc4 a6 26.Qb3 Bf8 27.Ne2 Qc7 28.Qc4 Qe5 29.Nd4 Bd6
30.Nf3 Qe7 31.Bb1 Bc7 32.Rd4 Bb8 33.e4 Nc7 34.e5 Nfd5 35.Bd2 Ne6 36.Re4 Ba7
37.b4 Bb8 38.h4 h5 39.g3 Qd7 40.Kg2 Ng7 41.Bc1 Ne6 42.Bb2 Rd8 43.Ba2 Ba7
44.Bb1 Nec7 45.Bc2  1/2-1/2

[Event "29th Mem Nezhmetdinov"]
[Site "Kazan RUS"]
[Date "2007.06.05"]
[Round "5"]
[White "Ioffe,D"]
[Black "Konovalov,Vi"]
[Result "1/2-1/2"]
[WhiteElo "2195"]
[BlackElo "2069"]

1.Nf3 d5 2.c4 dxc4 3.e3 Nf6 4.Bxc4 e6 5.O-O Nbd7 6.Qe2 Nb6 7.Bb3 Be7 8.d4 O-O
9.Nc3 c6 10.e4 Qc7 11.Bg5 Ne8 12.Be3 Bd7 13.Rac1 Nd6 14.Rfd1 Qd8 15.Bf4 Qe8
16.Ne5 Bc8 17.Bg3 f6 18.Nd3 Nf7 19.a3 Kh8 20.Ba2 Nd8 21.Bb1 Nd7 22.h3 Nf7
23.Ba2 Nb6 24.Nf4 Nd8 25.Re1 e5 26.dxe5 fxe5 27.Nd3 Bd6 28.Rcd1 Be6 29.Bxe6 Qxe6
30.Qg4 Qxg4 31.hxg4 Nf7 32.Rc1 Rae8 33.f3 Nd8 34.Red1 h6 35.Ne2 Nf7 36.Bf2 Rd8
37.Be3 Rfe8 38.Ng3 g6 39.Ne2 Kg7 40.Bc5 Bc7 41.b3 Ng5 42.Be3 Ne6 43.Nc5 Nxc5
44.Bxc5 Nc8 45.Kf2 Kf6 46.Be3 Bb6 47.Nc3 Bxe3+ 48.Kxe3 Nb6 49.Rh1 Rd7 50.Rcd1 Rxd1
51.Rxd1 Ke6  1/2-1/2

[Event "29th Mem Nezhmetdinov"]
[Site "Kazan RUS"]
[Date "2007.06.08"]
[Round "8"]
[White "Gabdrakhmanov,R"]
[Black "Alavkin,A"]
[Result "1-0"]
[WhiteElo "2392"]
[BlackElo "2493"]

1.Nf3 d5 2.c4 c6 3.b3 Bg4 4.Bb2 Bxf3 5.exf3 e6 6.Be2 Ne7 7.O-O Nf5 8.Bd3 Qg5
9.g3 Nd6 10.f4 Qh6 11.Re1 Be7 12.f5 Bf6 13.Nc3 Kd7 14.fxe6+ fxe6 15.Qg4 Qxd2
16.Qxe6+ Kc7 17.c5 Nc8 18.Nxd5+ cxd5 19.Be5+ Bxe5 20.Qxe5+ Kc6 21.Rad1 Qh6
22.b4 Qf6 23.b5+ Kxc5 24.Qc7+  1-0

[Event "FSIMA June"]
[Site "Budapest HUN"]
[Date "2007.06.09"]
[Round "8"]
[White "Luch,M"]
[Black "Corke,A"]
[Result "1-0"]
[WhiteElo "2336"]
[BlackElo "2154"]

1.Nf3 d5 2.c4 c6 3.e3 Nf6 4.Nc3 g6 5.d4 Bg7 6.h3 O-O 7.Be2 dxc4 8.Bxc4 Nbd7
9.e4 b5 10.Bd3 Nb6 11.O-O Ne8 12.Be3 Nd6 13.Qc1 Re8 14.Bh6 Bh8 15.Ne2 Bd7
16.Ng3 Rc8 17.Rd1 Qc7 18.h4 Qb7 19.e5 c5 20.dxc5 Na4 21.exd6 Bxb2 22.Be4 Qa6
23.Qb1 e5 24.Be3 f5 25.Nxf5  1-0

[Event "8th UKR Universiad"]
[Site "Evpatoria UKR"]
[Date "2007.06.09"]
[Round "5"]
[White "Ostrovskiy,And"]
[Black "Tishin,D"]
[Result "1-0"]
[WhiteElo "2417"]
[BlackElo "2308"]

1.Nf3 d5 2.c4 c6 3.Qc2 Nf6 4.e3 e6 5.b3 Be7 6.Bb2 b6 7.Nc3 Bb7 8.d4 Nbd7
9.Bd3 Rc8 10.O-O O-O 11.Rad1 Qc7 12.Qe2 c5 13.cxd5 exd5 14.Rc1 Qb8 15.Rfd1 Rfd8
16.Bf5 Rc7 17.Ne5 Nf8 18.Nb5 Ba6 19.Bd3 Rcc8 20.Nxa7 Qxa7 21.Bxa6 Rc7 22.Bb5 Rdc8
23.dxc5 bxc5 24.a4 Ne6 25.Ng4 Nxg4 26.Qxg4 Rd8 27.Rd3 g6 28.Rcd1 h5 29.Qf3 c4
30.bxc4 dxc4 31.Rxd8+ Nxd8 32.Bc3 Ne6 33.Qd5 Rc5 34.Qd7 Qxd7 35.Bxd7 Rc7
36.Bb5 Nc5 37.f3 Nb3 38.Kf2 Kh7 39.e4 Bc5+ 40.Ke2 Be7 41.f4 Nc5 42.Rd4 Ne6
43.Rxc4 Nxf4+ 44.Kf3 Ne6 45.Rxc7 Nxc7 46.Bc4 Bc5 47.Bxf7 Ba7  1-0

[Event "Salongernas IM"]
[Site "Stockholm SWE"]
[Date "2007.06.09"]
[Round "1"]
[White "Gamback,B"]
[Black "Olsson,L"]
[Result "0-1"]
[WhiteElo "2221"]
[BlackElo "2368"]

1.Nf3 d5 2.c4 e6 3.d4 Nf6 4.Bg5 Be7 5.e3 h6 6.Bh4 O-O 7.Qc2 b6 8.cxd5 Nxd5
9.Bxe7 Qxe7 10.Nc3 Bb7 11.Nxd5 Bxd5 12.Be2 Nd7 13.O-O c5 14.Rac1 a5 15.Rfd1 a4
16.Qb1 Rfc8 17.Ne1 a3 18.b3 cxd4 19.Rxd4 Rxc1 20.Qxc1 Nc5 21.Bf3 Bxf3 22.Nxf3 e5
23.Rd1 e4 24.Ne1 Qe5 25.h3 Qb2 26.Qb1 f5 27.Qc2 Kh7 28.Rb1 Qe5 29.Rd1 Ra7
30.Rd4 Ne6 31.Rd1 Rc7 32.Qd2 Rc3 33.Qd7 Nc5 34.Qa7 f4 35.exf4 Qxf4 36.Qxa3 e3
37.Qb2 Ne4 38.f3 Ng3 39.Qb1+ Kg8 40.Qg6 Ne2+ 41.Kf1 Qh4 42.Qe6+ Kh8 43.g3 Nxg3+
44.Kg2 Nh5 45.Kh1 e2 46.Rb1 Rc5 47.Nd3 Ng3+ 48.Kh2 Rg5 49.Ne5 Nf1+ 50.Kh1 Rg1+  0-1

[Event "TCh-BIH"]
[Site "Vogosca BIH"]
[Date "2007.06.09"]
[Round "8"]
[White "Savanovic,A"]
[Black "Solak,D"]
[Result "0-1"]
[WhiteElo "2432"]
[BlackElo "2575"]

1.Nf3 d5 2.c4 c6 3.b3 Nf6 4.g3 Qb6 5.Qc2 Bg4 6.Bg2 Nbd7 7.Bb2 e6 8.O-O Bd6
9.d3 Bxf3 10.Bxf3 Be5 11.Nd2 O-O 12.Bxe5 Nxe5 13.Bg2 Rfe8 14.e3 h5 15.d4 Ng6
16.c5 Qc7 17.f4 Ne7 18.Qd3 Nf5 19.Bf3 g6 20.Kf2 Kg7 21.h3 h4 22.g4 Ng3 23.Rg1 g5
24.Rxg3 hxg3+ 25.Kxg3 b6 26.Rc1 Nd7 27.b4 bxc5 28.bxc5 Nf8 29.h4 f6 30.h5 e5
31.dxe5 fxe5 32.Qf5 exf4+ 33.exf4 Nh7 34.Nb3 Re7  0-1

[Event "7th ch-Euro Senior"]
[Site "Hockenheim GER"]
[Date "2007.06.10"]
[Round "9"]
[White "Rashkovsky,N"]
[Black "Klovans,J"]
[Result "1-0"]
[WhiteElo "2496"]
[BlackElo "2441"]

1.Nf3 d5 2.c4 e6 3.d4 Nf6 4.e3 Be7 5.Nc3 O-O 6.Bd3 b6 7.O-O Bb7 8.b3 Nbd7
9.Bb2 c5 10.cxd5 Nxd5 11.Nxd5 Bxd5 12.Qe2 Bb7 13.Rfd1 Qc7 14.Rac1 a5 15.Bb5 Rfd8
16.h3 Rac8 17.Nd2 Nf6 18.Nc4 Nd5 19.a4 Bc6 20.Bxc6 Qxc6 21.e4 Nf4 22.Qg4 Qxe4
23.Re1 h5 24.Rxe4 hxg4 25.Rxf4 Bg5 26.Rxg4 Bxc1 27.Bxc1 Rxd4 28.Be3 Rxg4
29.hxg4 Rb8 30.Bf4 Rb7 31.Kf1 f6 32.Ke2 e5 33.Be3 Rb8 34.Kd3 Kf7 35.Na3 Ke6
36.Kc4 Rd8 37.Nb5 Rd1 38.Nc3 Rg1 39.g3 Kd6 40.Kb5 Kc7 41.Nd5+ Kb7 42.Nxb6 Rb1
43.Bxc5 Rxb3+ 44.Kxa5 Kc6 45.Be3 g6 46.Nc8 Kd7 47.Na7 f5 48.gxf5 gxf5 49.Ka6 f4
50.gxf4 exf4 51.Bb6  1-0

[Event "FSGM June"]
[Site "Budapest HUN"]
[Date "2007.06.11"]
[Round "10"]
[White "Paschall,W"]
[Black "Haznedaroglu,K"]
[Result "1/2-1/2"]
[WhiteElo "2353"]
[BlackElo "2440"]

1.Nf3 d5 2.c4 c6 3.e3 Nf6 4.Nc3 e6 5.Qc2 Nbd7 6.b3 Bd6 7.Bb2 O-O 8.Be2 Qe7
9.O-O b6 10.d4 Bb7 11.Rad1 Rfd8 12.e4 dxe4 13.Nxe4 Nxe4 14.Qxe4 Nf6 15.Qh4 c5
16.Rd3 Ne4 17.Qxe7 Bxe7 18.Rfd1 cxd4 19.Bxd4 f6 20.Be3 Rxd3 21.Rxd3 Rd8 22.Rxd8+ Bxd8
23.a4 e5 24.Bd3 Nc5 25.Bc2 a5 26.Nd2 g6 27.f4 Bc7 28.f5 Kf7 29.g4 Bd6 30.Kf2 g5
31.h3 Ke7 32.Bb1 Kd7  1/2-1/2

[Event "Atlantis Meestertienkamp"]
[Site "Groningen NED"]
[Date "2007.06.11"]
[Round "2"]
[White "Drenchev,P"]
[Black "Van Beek,Al"]
[Result "1/2-1/2"]
[WhiteElo "2447"]
[BlackElo "2386"]

1.Nf3 d5 2.c4 e6 3.b3 Nf6 4.Bb2 Be7 5.e3 O-O 6.d4 c5 7.Bd3 Nc6 8.O-O b6 9.Nc3 Bb7
10.Rc1 Rc8 11.dxc5 dxc4 12.Bxc4 Bxc5 13.Qe2 Qe7 14.Rfd1 Rfd8 15.h3 h6 16.Ba6 Bxa6
17.Qxa6 Nb4 18.Qe2 Nbd5 19.Nxd5 Nxd5 20.Ne5 f6 21.Nd3 Ba3 22.Rxc8 Rxc8 23.e4 Nc3
24.Bxc3 Rxc3 25.Nf4 Rc1 26.Rxc1 Bxc1 27.Nd3 Ba3 28.g3 Bd6 29.e5 fxe5 30.Nxe5 Bxe5
31.Qxe5 Kf7 32.Kf1 Qd7 33.Ke2 Qb7 34.a4 a5 35.h4 Qc6 36.Kd2  1/2-1/2

[Event "11th Master Open"]
[Site "Voronezh RUS"]
[Date "2007.06.15"]
[Round "4"]
[White "Rozum,I"]
[Black "Pogosian,G"]
[Result "1-0"]
[WhiteElo "2358"]
[BlackElo "2251"]

1.Nf3 d5 2.c4 e6 3.d4 c5 4.cxd5 exd5 5.g3 Nc6 6.Bg2 c4 7.O-O Bb4 8.Ne5 Nge7
9.Nxc6 bxc6 10.b3 cxb3 11.Qxb3 Qb6 12.Rd1 O-O 13.Ba3 Bxa3 14.Qxa3 Re8 15.Nc3 Bf5
16.Rac1 Rab8 17.e3 a5 18.Na4 Qb4 19.Rc3 Bc2 20.Qxb4 Rxb4 21.Rxc2 Rxa4 22.Rb1 g6
23.Rb7 Kf8 24.Bf1 Ra8 25.Rb3 Rb4 26.Ra3 a4 27.Bd3 Ke8 28.Kf1 Kd7 29.Ke1 Nc8
30.Rac3 Ne7 31.a3 Rb3 32.Kd2 Rb6 33.g4 h6 34.h4 Kd6 35.Rc1 Rb2+ 36.Bc2 Nc8
37.Rb1 Rxb1 38.Bxb1 Na7 39.Bd3 Rb8 40.Rc5 Rb2+ 41.Bc2 Rb5 42.Rc3 Ra5 43.Bd3 g5
44.hxg5 hxg5 45.Rc1 Nc8 46.Rh1 Ra7 47.Rh8 Ne7 48.Rf8 Ke6 49.f4 Rb7 50.f5+ Kd7
51.Bc2 Rb2 52.Rxf7 Ke8 53.Rh7 Ra2 54.Rh5 Rxa3 55.Rxg5 Kf7 56.Rh5 Ra2 57.Rh7+ Kf8
58.f6  1-0

[Event "GM"]
[Site "Perm RUS"]
[Date "2007.06.18"]
[Round "7"]
[White "Gavrjushin,O"]
[Black "Pisakov,I"]
[Result "0-1"]
[WhiteElo "2407"]
[BlackElo "2341"]

1.Nf3 d5 2.c4 c6 3.d4 Nf6 4.Nc3 e6 5.g3 Nbd7 6.Bg2 b6 7.cxd5 exd5 8.O-O Be7
9.e4 Nxe4 10.Nxe4 dxe4 11.Ne5 Nxe5 12.dxe5 Qxd1 13.Rxd1 Bf5 14.g4 Bxg4 15.Bxe4 Rc8
16.Be3  0-1

[Event "CIQ"]
[Site "Quebec CAN"]
[Date "2007.06.21"]
[Round "1"]
[White "Fareh,Y"]
[Black "Voloaca,M"]
[Result "1/2-1/2"]
[WhiteElo "2187"]
[BlackElo "2228"]

1.Nf3 d5 2.c4 c6 3.g3 Nf6 4.Bg2 dxc4 5.Na3 b5 6.Ne5 Qc7 7.f4 Bb7 8.b3 c3
9.dxc3 e6 10.O-O Bc5+ 11.Kh1 Nfd7 12.Nxd7 Nxd7 13.e4 h5 14.h4 O-O-O 15.Qf3 f5
16.e5 g5 17.b4 Be7 18.fxg5 Nxe5 19.Bf4 Nxf3 20.Bxc7 Kxc7 21.Rxf3 Rd2 22.Re3 Bd6
23.c4 f4 24.gxf4 Bxf4 25.Rxe6 Rhd8 26.Rf1 Rd1 27.Re7+ Kc8 28.Kg1 R8d3 29.Rxd1 Rxd1+
30.Kf2 Bd6 31.Bh3+ Kb8 32.Re8+ Kc7 33.c5 Bf4 34.g6 Bh6 35.g7 Bxg7 36.Re7+ Kb8
37.Rxg7 Rd2+ 38.Ke3 Rxa2 39.Nb1 Rb2 40.Bf5 Rxb4 41.Be4 Bc8 42.Nd2 a5 43.Kd3 Be6
44.Bxc6 Rxh4 45.Bxb5 Rg4 46.Re7 Bf5+ 47.Kc3 h4 48.c6 h3 49.Nf1 Bc8 50.Rh7 Rf4
51.Kd2 Rb4 52.Bd3 a4 53.Ne3 a3 54.Kc3 a2 55.Nc2 Rb1 56.Rh8 Kc7 57.Bc4 a1=Q+
58.Nxa1 Rxa1 59.Bd5  1/2-1/2

[Event "Narciso Yepes Mem"]
[Site "Lorca ESP"]
[Date "2007.06.25"]
[Round "1"]
[White "Flores,Di"]
[Black "Hernandez Funes,R"]
[Result "1-0"]
[WhiteElo "2543"]
[BlackElo "2121"]

1.Nf3 d5 2.c4 c6 3.e3 Nf6 4.Nc3 e6 5.b3 Be7 6.Bb2 Nbd7 7.Qc2 O-O 8.d4 b6
9.Bd3 Bb7 10.O-O Rc8 11.Rad1 h6 12.e4 dxe4 13.Nxe4 Qc7 14.Qe2 Rfe8 15.Rfe1 Qf4
16.Ne5 Nxe4 17.Nxd7 Ng5 18.Ne5 Qh4 19.g3 Qh3 20.f4 Nh7 21.Ng4 c5 22.d5 exd5
23.Bf5 Qh5 24.Bxh7+  1-0

[Event "Open"]
[Site "Pula CRO"]
[Date "2007.06.26"]
[Round "4"]
[White "Skrivanek,J"]
[Black "Martinovic,Sa"]
[Result "0-1"]
[WhiteElo "2163"]
[BlackElo "2400"]

1.Nf3 d5 2.c4 d4 3.e3 c5 4.b4 dxe3 5.fxe3 cxb4 6.d4 Nf6 7.Bd3 g6 8.O-O Bg7
9.Qa4+ Nc6 10.Ne5 O-O 11.Nxc6 bxc6 12.Qxc6 Rb8 13.Qf3 Qd6 14.c5 Qc7 15.e4 Ng4
16.e5 Nxe5 17.dxe5 Qxe5 18.Bf4 Qxc5+ 19.Kh1 Bb7 20.Qg3 Rbd8 21.Nd2 Bxa1 22.Rxa1 Qc3
23.Be5 Rxd3 24.Bxc3 Rxg3 25.hxg3 bxc3 26.Nb3 c2 27.Kg1 Rd8 28.Kf2 Rd1 29.Rc1 Rxc1
30.Nxc1 h5 31.Ke3 Bxg2 32.Kd2 g5  0-1

[Event "Open"]
[Site "Pula CRO"]
[Date "2007.06.26"]
[Round "4"]
[White "Rukavina,J"]
[Black "Rogic,D"]
[Result "0-1"]
[WhiteElo "2382"]
[BlackElo "2512"]

1.Nf3 d5 2.c4 c6 3.e3 Nf6 4.d4 Bg4 5.Nc3 e6 6.Qb3 Qc7 7.Ne5 Bf5 8.Be2 Nbd7
9.f4 h5 10.O-O Be7 11.Bd2 g5 12.cxd5 gxf4 13.Nxd7 Qxd7 14.dxc6 bxc6 15.Bf3 fxe3
16.Bxe3 Bd6 17.Ne2 Rb8 18.Qc3 Nd5 19.Bxd5 cxd5 20.Bf4 Rg8 21.Rac1 h4 22.b3 Rg4
23.Qf3 e5 24.h3 Rg6 25.dxe5 Be4 26.exd6 Bxf3 27.Rxf3 Rxd6 28.Nd4 Rb4 29.Re1+ Kf8
30.Be5 Rg6 31.Ref1 Qe7 32.Rf5 Ke8 33.Rc1 Qd7 34.Rh5 f6  0-1

[Event "Narciso Yepes Mem"]
[Site "Lorca ESP"]
[Date "2007.06.27"]
[Round "6"]
[White "Alcaraz Carcel,A"]
[Black "Bautista Mendez,J"]
[Result "0-1"]
[WhiteElo "1946"]
[BlackElo "1839"]

1.Nf3 d5 2.c4 e6 3.g3 Nf6 4.Bg2 c5 5.d4 Nc6 6.O-O cxd4 7.Nxd4 Be7 8.Nc3 O-O
9.g4 Nxd4 10.Qxd4 e5 11.Qxe5 Bd6 12.Qd4 Nxg4 13.Bf4 Bxf4 14.Qxf4 dxc4 15.Rfd1 Qb6
16.Nd5 Qh6 17.Qg3 Be6 18.Nc7 Rab8 19.Nxe6 Qxe6 20.Bh3 f5 21.Rd6 Qxe2 22.Rd7 Qe5
23.Qg2 Qxb2 24.Re1 Rfe8 25.Red1 c3  0-1

[Event "Open"]
[Site "Pula CRO"]
[Date "2007.06.27"]
[Round "6"]
[White "Rukavina,J"]
[Black "Saric,Ib"]
[Result "0-1"]
[WhiteElo "2382"]
[BlackElo "2507"]

1.Nf3 d5 2.c4 dxc4 3.Na3 a6 4.Nxc4 b5 5.Ne3 Bb7 6.b3 e5 7.Bb2 f6 8.g3 Nh6
9.Bg2 c5 10.O-O Bd6 11.Qb1 Qd7 12.a4 Nc6 13.axb5 axb5 14.Rxa8+ Bxa8 15.Nh4 O-O
16.Be4 g6 17.Bxg6 hxg6 18.Qxg6+ Qg7 19.Qxg7+ Kxg7 20.Nef5+ Nxf5 21.Nxf5+ Kg6
22.Nxd6 Rd8 23.Ne4 f5 24.Nxc5 Rxd2 25.Nd3 Rxe2 26.Ra1 Bb7 27.Bxe5 Rxe5 28.Nxe5+ Nxe5
29.Ra7 Nf3+ 30.Kg2 Be4 31.Ra6+ Kg5 32.Rb6 Nd2+ 33.Kg1 Kg4 34.f3+ Kxf3 35.Rxb5 Ke2
36.h4 Nf3+ 37.Kg2 Nd4+ 38.Kh3 Kf2 39.Rxf5+ Bxf5+ 40.g4 Be4 41.g5 Bf5+ 42.Kh2 Nf3+
43.Kh1 Bh3  0-1

[Event "White Nights"]
[Site "St Petersburg RUS"]
[Date "2007.06.27"]
[Round "3"]
[White "Zacurdajev,M"]
[Black "Vunder,A"]
[Result "1/2-1/2"]
[WhiteElo "2384"]
[BlackElo "2259"]

1.Nf3 d5 2.c4 e6 3.d4 Nf6 4.Bg5 Be7 5.Nc3 h6 6.Bxf6 Bxf6 7.Qb3 c6 8.g3 O-O
9.Bg2 Nd7 10.O-O dxc4 11.Qxc4 e5 12.Ne4 Nb6 13.Qc5 exd4 14.Nxf6+ Qxf6 15.Nxd4 Na4
16.Qb4 c5 17.Qxa4 cxd4 18.Rfd1 Rd8 19.Rd2 Qb6 20.Rad1 Be6 21.Rxd4 Rxd4 22.Qxd4 Qa6
23.Be4 Rf8 24.Rd3 b6 25.Bd5 Bxd5 26.Qxd5 Qc8 27.Kg2 Re8 28.e4 Qc2 29.b4 Qb1
30.b5 Re5 31.Qxe5 Qxd3 32.Qd5 Qe2 33.a4 g6 34.Qd4 h5 35.e5 Qa2 36.Qe4 Kg7
37.Qd4 Kg8 38.Kf3 Qa3+ 39.Kf4 Qc1+ 40.Kf3 Qa3+ 41.Kg2 Qa2 42.h3 Qb3 43.g4 hxg4
44.hxg4 Qa2 45.Kg3 Qa3+ 46.f3 Qc1 47.Kf2 Qc2+ 48.Ke3 Qc1+ 49.Ke4 Qc2+ 50.Kd5 Qb3+
51.Kd6 Qxf3 52.e6 fxe6 53.Kxe6 Qf7+ 54.Kd6 Kh7 55.g5 Qf8+ 56.Kc7 Qc5+ 57.Qxc5 bxc5
58.Kb7 c4 59.Kxa7 c3 60.b6 c2 61.b7 c1=Q 62.b8=Q Qxg5 63.Qc7+ Kh6 64.a5 Qe3+
65.Qb6 Qe7+ 66.Kb8 Qe8+ 67.Kc7  1/2-1/2